000
00307nam a22001337a 4500
008
170505b xxu||||| |||| 00| 0 eng d
020
_a
9781609301453
041
_a
eng
080
_2
6 ED
_a
34
100
_a
14
101
_a
SHJ
245
_a
PRODUCT LIABILLITY AND SAFETY
_c
OWEN.D.G
942
_2
udc
_c
BK
999
_c
12828
_d
12828